Statistiche per Matematica Mentale - Moltiplicazione

Clicka qui per fare il quiz!

Statistiche generali

  • Questo quiz è stato fatto 863 volte
  • Il punteggio medio è 7 su 10

Statistiche sulle risposte

CalcoloRisposta% Corretto
4 x 312
92%
7 x 535
90%
2 x 714
84%
5 x 840
83%
8 x 1080
83%
30 x 390
83%
7 x 856
81%
20 x 6120
80%
6 x 318
80%
9 x 327
80%
15 x 3
45
80%
9 x 19
80%
1 x 1313
79%
1 x 22
78%
2 x 510
77%
7 x 963
77%
11 x 10110
76%
10 x 14140
76%
5 x 630
76%
17 x 234
75%
9 x 436
75%
5 x 1365
71%
0.5 x 42
70%
6 x 954
67%
13 x 339
66%
16 x 580
62%
5 x 1785
56%
6 x 2.515
55%
12 x 896
51%
3 x 1.54.5
3%

Distribuzione punteggi

Percentile per numero di risposta

Percentuale di utenti per punteggio

I tuoi punteggi nel tempo

Non hai fatto questo quiz